000 00287nam a22001217a 4500
082 _a346
_bNAM/E
100 _aNAMBIAR, M.C.K
245 _aELEMENTS OF INSURANCE
_bFOR PREDEGREE
260 _aKANNUR
_bKAMALALAYAM
300 _a111
650 _aINSURANCE BOOK REFERENCE
_zINDIA
942 _cBK
999 _c1685
_d1685